TEXTBOOK OF PREVENTIVE AND SOCIAL MEDICINE (Record no. 8598)

MARC details
000 -LEADER
fixed length control field 00466nam a22001817a 4500
005 - DATE AND TIME OF LATEST TRANSACTION
control field 20240902113431.0
008 - FIXED-LENGTH DATA ELEMENTS--GENERAL INFORMATION
fixed length control field 240831b |||||||| |||| 00| 0 eng d
020 ## - INTERNATIONAL STANDARD BOOK NUMBER
ISBN 978-93-5090-187-8
041 ## - LANGUAGE CODE
Language code of text/sound track or separate title eng
082 ## - DEWEY DECIMAL CLASSIFICATION NUMBER
Classification number 614.44 ROY
100 ## - MAIN ENTRY--AUTHOR NAME
Personal name ROY, RABINDRA NATH AND SAHA, INDRANIL
245 ## - TITLE STATEMENT
Title TEXTBOOK OF PREVENTIVE AND SOCIAL MEDICINE
250 ## - EDITION STATEMENT
Edition statement 4TH, ED.
260 ## - PUBLICATION, DISTRIBUTION, ETC. (IMPRINT)
Place of publication INDIA
Name of publisher JAYPEE BROTHERS
300 ## - PHYSICAL DESCRIPTION
Number of Pages 703;P
650 ## - SUBJECT ADDED ENTRY--TOPICAL TERM
Topical Term BPT
942 ## - ADDED ENTRY ELEMENTS (KOHA)
Koha item type Books
Holdings
Lost status Damaged status Collection code Home library Current library Shelving location Date acquired Source of acquisition Cost, normal purchase price Serial Enumeration / chronology Full call number Accession Number Koha item type
    Reference JRU Library JRU Library SHELF-8-B RB 30/08/2024 PURCHASE 2195.00 NEW ARRIVALS SHELF 614.44 28339 Books